000 00447nam a22001817a 4500
003 MPLRDC
005 20220105061154.0
008 210129b ||||| |||| 00| 0 eng d
020 _a978-962-996-559-4
082 _a091 LL
100 _a李零
245 _a死生有命 富贵在天
_c
260 _a香港
_b中文大学出版社
_c2013
300 _b
520 _a新书上架 2018-10-16。
650 _a易经
942 _cBK
_o091 LL
999 _c69889
_d69879